Теплофизические аспекты прогностического моделирования лесной пожарной опасности: диссертация на соискание ученой степени доктора физико-математических наук; спец. 01.04.17; спец. 01.04.14

Bibliographic Details
Main Author: Барановский Н. В. Николай Викторович
Corporate Author: Национальный исследовательский Томский политехнический университет (ТПУ) Кафедра атомных и тепловых электрических станций и теоретической и промышленной теплотехники
Other Authors: Кузнецов Г. В. Гений Владимирович (научный консультант)
Summary:Защищена 28.12.2012 г.
Language:Russian
Published: Томск, 2012
Subjects:
Format: Book
KOHA link:https://koha.lib.tpu.ru/cgi-bin/koha/opac-detail.pl?biblionumber=229829

MARC

LEADER 00000nam0a2200000 4500
001 229829
005 20240117133736.0
035 |a (RuTPU)RU\TPU\book\250477 
035 |a RU\TPU\book\250223 
090 |a 229829 
100 |a 20130114j20121228k y0rusy50 ca 
101 0 |a rus 
102 |a RU 
105 |a a m 001zy 
200 1 |a Теплофизические аспекты прогностического моделирования лесной пожарной опасности  |e диссертация на соискание ученой степени доктора физико-математических наук  |e спец. 01.04.17  |e спец. 01.04.14  |f Н. В. Барановский  |g Национальный исследовательский Томский политехнический университет (ТПУ), Кафедра атомных и тепловых электрических станций и теоретической и промышленной теплотехники ; науч. конс. Г. В. Кузнецов 
210 |a Томск  |d 2012 
215 |a 436 л.  |c ил. 
300 |a Защищена 28.12.2012 г. 
320 |a Библиогр.: с. 394-433 (465 назв.). 
606 1 |a Лесные пожары  |2 stltpush  |3 (RuTPU)RU\TPU\subj\69288  |9 84211 
610 1 |a прогнозы 
610 1 |a лесопожарные возгорания 
610 1 |a лесные горючие материалы 
610 1 |a зажигание 
610 1 |a хвойные породы 
610 1 |a грозовой разряд 
610 1 |a лиственные породы 
610 1 |a тепловыделение 
610 1 |a солнечное излучение 
610 1 |a детерминированно-вероятностный прогноз 
610 1 |a лесопожарный мониторинг 
610 1 |a диссертации 
610 1 |a труды учёных ТПУ 
675 |a 630(04)  |v 3 
686 |a 01.04.17  |2 oksvnk 
686 |a 01.04.17  |2 oksvnk 
700 1 |a Барановский  |b Н. В.  |c специалист в области теплотехники  |c доцент Томского политехнического университета, кандидат физико-математических наук  |f 1978-  |g Николай Викторович  |3 (RuTPU)RU\TPU\pers\30197  |9 14591 
702 1 |a Кузнецов  |b Г. В.  |c специалист в области теплоэнергетики  |c профессор Томского политехнического университета, доктор физико-математических наук  |f 1949-  |g Гений Владимирович  |3 (RuTPU)RU\TPU\pers\25528  |4 695  |9 11458 
712 0 2 |a Национальный исследовательский Томский политехнический университет (ТПУ)  |b Кафедра атомных и тепловых электрических станций и теоретической и промышленной теплотехники  |c (2009- )  |3 (RuTPU)RU\TPU\col\15902 
801 1 |a RU  |b 63413507  |c 20130116 
801 2 |a RU  |b 63413507  |c 20150312  |g RCR 
942 |c BK